000 00220nam a22000857a 4500
008 161108b xxu||||| |||| 00| 0 eng d
100 _91103
_aMishra.A.etal.
245 _aBasic Science-7
260 _aNew Delhi
_bBharathi.B.
_c2013
999 _c3764
_d3764